icarly characters - Statistics

General Stats
  • This quiz has been taken 404 times
  • The average score is 6 of 7
Answer Stats
Hint Answer % Correct
ca___ carly
99%
fre... freddie
97%
gib gibby
96%
sa sam
96%
sp spencer
96%
freddies mum mrs benson
69%
sams boyfriend jolan
7%
No matching quizzes found
Score Distribution
Percent of People with Each Score
Percentile by Number Answered
Your Score History
You have not taken this quiz